[Event "HUN-chT1 9596"]
[Site "HUN"]
[Date "1996.??.??"]
[Round "13"]
[White "Tamas, Norbert"]
[Black "Soponyai, Tamas"]
[Result "1-0"]
[WhiteElo "2195"]
[BlackElo "2110"]

1.e4 g6 2.d4 Bg7 3.Nc3 c6 4.Be3 b5 5.Qd2 d6 6.f3 Nd7 7.h4 h5 8.Nh3 a6 9.Ng5 Qc7
10.Be2 Ngf6 11.O-O Nb6 12.Nd1 e6 13.Rc1 a5 14.b3 d5 15.c4 dxc4 16.bxc4 Nxc4
17.Bxc4 bxc4 18.Nb2 O-O 19.Nxc4 Ba6 20.Rfd1 Bb5 21.Bf4 Qa7 22.Bd6 Rfd8 23.Bc5 Qa6
24.Ne5 Nxe4 25.fxe4 Bxe5 26.Qf2 f6 27.Nxe6 Re8 28.dxe5 Rxe6 29.Rd7 Qc8 30.Rcd1 f5
31.exf5 Rxe5 32.fxg6 Qe8 33.Qf7+  1-0

[Event "HUN-chT1 9697"]
[Site "Hungary"]
[Date "1996.??.??"]
[Round "2"]
[White "Letreguilly, Olivier"]
[Black "Soponyai, Tamas"]
[Result "0-1"]
[WhiteElo "2280"]
[BlackElo "2095"]

1.e4 g6 2.d4 Bg7 3.Nc3 c6 4.Be3 d6 5.Qd2 b5 6.f3 Nd7 7.a4 b4 8.Nd1 a5 9.Ne2 Ba6
10.Nc1 Bxf1 11.Rxf1 Qc7 12.c4 c5 13.Nb3 cxd4 14.Nxd4 Ngf6 15.Rc1 Nc5 16.Qc2 O-O
17.Kf2 Ncxe4+ 18.Kg1 Nc5 19.Nf2 Qb7 20.b3 Rac8 21.Nb5 Rfd8 22.Rfe1 Ne6 23.Nd3 Nd7
24.Nf4 Nxf4 25.Bxf4 Nc5 26.Bg5 Ne6 27.Be3 Nc5 28.Bg5 Ne6 29.Be3 Bf6 30.Na7 Ra8
31.Nb5 Rac8 32.Na7 Nd4  0-1

[Event "HUN-chT1 9697"]
[Site "Hungary"]
[Date "1996.??.??"]
[Round "3"]
[White "Dobos, Jozsef"]
[Black "Gyurkovics, Miklos"]
[Result "1-0"]
[WhiteElo "2340"]
[BlackElo "2240"]

1.d4 g6 2.e4 Bg7 3.Nc3 c6 4.Nf3 d6 5.Be3 b5 6.Bd3 a6 7.Qd2 Nd7 8.Ne2 c5 9.c3 Bb7
10.Ng3 Qc7 11.O-O e5 12.Rfe1 h5 13.h3 h4 14.Nf1 Kf8 15.Rad1 Re8 16.dxe5 Nxe5
17.Nxe5 Bxe5 18.Bc2 Kg7 19.f4 Bf6 20.Qxd6 Qxd6 21.Rxd6 Bxe4 22.Bf2 Be7 23.Rxe4 Bxd6
24.Rxe8 Rh5 25.f5 Nf6 26.Ra8 gxf5 27.Rxa6 Bf8 28.Ne3 Ne4 29.Nxf5+ Rxf5 30.Bxe4 Rf4
31.Bf3  1-0

[Event "HUN-chT1 9697"]
[Site "Hungary"]
[Date "1996.??.??"]
[Round "3"]
[White "Forgo, Eva"]
[Black "Pirisi, Gabor"]
[Result "1/2-1/2"]
[WhiteElo "2290"]
[BlackElo "2380"]

1.e4 g6 2.d4 Bg7 3.Nc3 c6 4.Nf3 d5 5.h3 Nh6 6.Be2 O-O 7.O-O f6 8.Re1 Kh8
9.Bf4 Nf7 10.Bg3 Re8 11.Bf1 dxe4 12.Nxe4 Nd7 13.Bc4 e6 14.a4 Nf8 15.c3 b6
16.Qb3 g5 17.Ned2 Nd6 18.Bd3 Ng6 19.Nc4 Nf4 20.Bxf4 gxf4 21.Nxd6 Qxd6 22.Qc2 Bb7
23.Bxh7 f5 24.Bg6 Re7 25.Ng5 Rf8 26.Qe2 Bh6 27.Qh5 Kg7 28.Nf3 c5 29.Ne5 Qd5
30.f3 Rf6 31.Rad1 c4 32.Be8 a6 33.Kh2 Kh7 34.Bg6+ Kg7 35.Be8 Kh7 36.Qh4 Kg7
37.Qh5  1/2-1/2

[Event "HUN-chT1 9697"]
[Site "Hungary"]
[Date "1996.??.??"]
[Round "5"]
[White "Molnar, Zoltan"]
[Black "Soponyai, Tamas"]
[Result "1/2-1/2"]
[WhiteElo "2220"]
[BlackElo "2095"]

1.e4 g6 2.d4 Bg7 3.Nc3 c6 4.Be3 d6 5.Qd2 b5 6.Bd3 Nd7 7.f4 b4 8.Nce2 c5 9.Nf3 Qc7
10.c3 Rb8 11.O-O Ngf6 12.h3 O-O 13.f5 bxc3 14.bxc3 Bb7 15.Ng3 Qa5 16.fxg6 hxg6
17.e5 Nd5 18.e6 fxe6 19.Rac1 Nxe3 20.Qxe3 Rf6 21.Ng5 cxd4 22.cxd4 Qd5 23.Be4 Rxf1+
24.Nxf1 Qxd4 25.Bxb7 Qxe3+ 26.Nxe3 Rxb7 27.Nxe6 Nc5 28.Nxc5 Bd4  1/2-1/2

[Event "HUN-chT1 9697"]
[Site "Hungary"]
[Date "1996.??.??"]
[Round "5"]
[White "Groszpeter, Attila"]
[Black "Csom, Istvan"]
[Result "1/2-1/2"]
[WhiteElo "2565"]
[BlackElo "2430"]

1.e4 c6 2.d4 g6 3.Nc3 Bg7 4.Bc4 d6 5.Qf3 e6 6.Nge2 Nd7 7.O-O Ngf6 8.Bg5 Qe7
9.Rad1 h6 10.Be3 O-O 11.Bb3 e5 12.Qg3 Kh7 13.f4 exd4 14.Bxd4 Nc5 15.Qh4 Nxb3
16.axb3 d5  1/2-1/2

[Event "HUN-chT1 9697"]
[Site "Hungary"]
[Date "1996.??.??"]
[Round "6"]
[White "Baranyai, Szabolcs Jr"]
[Black "Bodo, Norbert"]
[Result "1/2-1/2"]
[WhiteElo "2185"]
[BlackElo "2255"]

1.e4 g6 2.d4 Bg7 3.Nc3 c6 4.Be3 d6 5.Qd2 Nd7 6.f3 Qc7 7.Nh3 b5 8.Bd3 Rb8
9.O-O Nb6 10.Nf2 Nf6 11.Bh6 O-O 12.Bxg7 Kxg7 13.f4 a5 14.Ncd1 Nc4 15.Bxc4 bxc4
16.c3 d5 17.e5 Ng8 18.Ne3 Nh6 19.g4 f5 20.g5 Ng4 21.Nfxg4 fxg4 22.Qf2 Bf5
23.Nxf5+ Rxf5 24.Rab1 Qd7 25.Qe2 Rff8 26.Rf2 Qf5 27.Rbf1 e6 28.Kg2 Rb7 29.Kg3 Rfb8
30.Rd1 a4 31.Rd2 Ra7 32.a3 Rf7 33.Qxg4 Rh8 34.Qxf5 Rxf5 35.h4 h6 36.gxh6+ Rxh6
37.Rh2 Rfh5  1/2-1/2

[Event "ISR-chT"]
[Site "Israel"]
[Date "1996.??.??"]
[Round "1"]
[White "Liberzon, Vladimir M"]
[Black "Kanstler, Boris"]
[Result "1/2-1/2"]
[WhiteElo "2435"]
[BlackElo "2475"]

1.e4 g6 2.d4 Bg7 3.Nc3 c6 4.Nf3 d6 5.h3 Nf6 6.Bd3 Nbd7 7.e5 dxe5 8.dxe5 Nd5
9.Nxd5 cxd5 10.Qe2 Nc5 11.O-O O-O 12.Re1 b6 13.Nd4 Bb7 14.Bf4 Qc8 15.c3 a5
16.Rad1 a4 17.a3 Ba6 18.Bxa6 Rxa6 19.Qe3 Qd7 20.Bh6 Rc8 21.f3 Ne6 22.Nxe6 Qxe6
23.Bxg7 Kxg7 24.Rd4 Rc4 25.Red1  1/2-1/2

[Event "ISR-chT"]
[Site "Israel"]
[Date "1996.??.??"]
[Round "3"]
[White "Tseitlin, Mark D"]
[Black "Kanstler, Boris"]
[Result "1/2-1/2"]
[WhiteElo "2545"]
[BlackElo "2475"]

1.e4 g6 2.d4 Bg7 3.Nc3 c6 4.Bc4 d6 5.Qf3 e6 6.Nge2 Nf6 7.Bg5 Nbd7 8.O-O-O e5
9.Bb3 Qa5 10.dxe5 Nxe5 11.Qf4 Nfg4 12.h3 f6 13.hxg4 fxg5 14.Qd2 Bxg4 15.Kb1 Bxe2
16.Qxe2 O-O-O 17.Rd2 Kb8 18.Rhd1 Qc7 19.Qe3 Qe7 20.f3 Qf6 21.Rf2 h5 22.Rh1 Rdf8
23.Rhf1 h4 24.Nd1 Qe7 25.Qe2 Rf4 26.a3 Qf6 27.c3 Rf8 28.Ka2 Bh6 29.Qc2 g4
30.fxg4 Nxg4 31.Rf3 Nh2 32.Rxf4 Bxf4 33.Rf2 Qe7 34.e5 Ng4 35.exd6 Qxd6 36.Re2 g5
37.Re6 Qd8 38.Qe2 Nf6 39.Nf2 Re8 40.Nh3 Rxe6 41.Qxe6 Nd5 42.c4 Nc7 43.Qf5 Be3
44.Qe5 Bd2 45.c5 a6 46.Bc4 Qe8 47.Qf5 Qe3 48.Bb3 a5 49.Qd7 a4 50.Bf7 Na6
51.Qd8+ Ka7 52.Qb6+ Ka8 53.Qd8+ Nb8 54.Bh5 Qb3+ 55.Ka1 Qd5 56.Qxd5 cxd5 57.Nf2 Be3
58.Nd3 Nd7 59.Bd1 Nf6 60.Bxa4 g4 61.Bd1 h3 62.gxh3 gxh3 63.Bf3 Ne4 64.Ka2 Bxc5
65.Nf4 h2 66.Nxd5 Ng3 67.b4 Bf2 68.a4 h1=Q 69.Bxh1 Nxh1 70.a5 Be1 71.Kb3 Nf2
72.Kc4 Ka7 73.Nc7 Ng4 74.Nb5+ Kb8 75.Na3 Ne5+ 76.Kb5 Ka7 77.Nc2 Bf2 78.Ka4 Nc4
79.b5 Bc5 80.Ne1 Be3 81.Nd3 Bd4 82.Kb4 Ne5 83.Nf4 Be3 84.Nd5 Bd2+ 85.Ka4 Nc4
86.a6 b6 87.Ne7 Nd6 88.Nc6+ Ka8 89.Ne7 Ba5 90.Nc6 Bc3 91.Ne7 Kb8 92.Nd5 Ba5
93.Ne7 Be1 94.Nc6+ Kc7 95.Nd4 Bf2 96.Ne6+ Kb8 97.Kb4 Be1+ 98.Ka4 Ne4 99.Nd4 Bf2
100.Nc6+ Ka8 101.Kb4 Bc5+ 102.Kb3 Nd6 103.Ka4 Nc4  1/2-1/2

[Event "ISR-chT"]
[Site "Israel"]
[Date "1996.??.??"]
[Round "8"]
[White "Zak, Uriel"]
[Black "Kanstler, Boris"]
[Result "1/2-1/2"]
[WhiteElo "2405"]
[BlackElo "2475"]

1.e4 g6 2.d4 Bg7 3.Nc3 c6 4.Nf3 d6 5.a4 Nf6 6.Be2 O-O 7.O-O Qc7 8.Bf4 Nbd7
9.Qd2 e5 10.Bh6 Re8 11.Bxg7 Kxg7 12.Rfd1 Nf8 13.h3 a5 14.Bc4 Be6 15.Bf1 Rad8
16.Qe3 Bc8 17.Bc4 Be6 18.Bf1 Bc8 19.Bc4 Be6  1/2-1/2

[Event "ISR-ch"]
[Site "Jerusalem"]
[Date "1996.??.??"]
[Round "1"]
[White "Zaltz, Dov"]
[Black "Kanstler, Boris"]
[Result "0-1"]
[WhiteElo "2260"]
[BlackElo "2455"]

1.e4 g6 2.d4 Bg7 3.Nc3 c6 4.Nf3 d6 5.Be3 Nf6 6.h3 O-O 7.a4 d5 8.e5 Ne4 9.Bd3 Nxc3
10.bxc3 c5 11.O-O Nc6 12.Qd2 cxd4 13.cxd4 f6 14.exf6 exf6 15.c4 Na5 16.Qb4 Be6
17.c5 Rf7 18.Rfe1 Nc6 19.Qb3 Qd7 20.Bf4 Bf8 21.a5 a6 22.Bd2 Re8 23.Bb1 Rfe7
24.Ba2 Bf7 25.Rxe7 Rxe7 26.Rb1 Qf5 27.Qc3 Rc7 28.Re1 Qc8 29.Bb3 Re7 30.Rxe7 Bxe7
31.Qc2 Bd8 32.Qa2 Qe6 33.Bc3 Qe4 34.Qa1 Bc7 35.Qa2 g5 36.Kf1 Qd3+ 37.Kg1 Qxc3  0-1

[Event "IND-ch"]
[Site "Kasaragod"]
[Date "1996.??.??"]
[Round "1"]
[White "Shetty, Rahul"]
[Black "Hegde, Ravi Gopal"]
[Result "1-0"]
[WhiteElo "2390"]
[BlackElo "2355"]

1.e4 g6 2.d4 Bg7 3.Nc3 c6 4.Bc4 d6 5.Qf3 e6 6.Nge2 Nd7 7.Bf4 Qe7 8.O-O e5
9.Bg5 Ngf6 10.d5 h6 11.dxc6 bxc6 12.Bh4 Nc5 13.b4 Ne6 14.b5 g5 15.Bg3 Bb7
16.bxc6 Bxc6 17.Nd5 Bxd5 18.Bb5+ Nd7 19.exd5 Nc5 20.Qf5 O-O 21.f3 Rab8 22.Rab1 Nb6
23.Nc3 Qc7 24.Bf2 Nc8 25.Ne4 Nxe4 26.Qxe4 Ne7 27.c4 f5 28.Qe3 Rf7 29.Rfd1 Nc8
30.Qa3 Bf8 31.Be8 Rg7 32.Rxb8 Qxb8 33.Qd3 Nb6 34.Bb5 Qc8 35.c5 dxc5 36.d6 c4
37.Qe2 a6 38.d7 Rxd7 39.Bxd7 Nxd7 40.Rc1 c3 41.Qd3 e4 42.Qd5+ Kh8 43.Bd4+  1-0

[Event "IND-ch"]
[Site "Kasaragod"]
[Date "1996.??.??"]
[Round "4"]
[White "Shetty, Rahul"]
[Black "Parameswaran, Tiruchi N"]
[Result "0-1"]
[WhiteElo "2390"]
[BlackElo "2390"]

1.e4 g6 2.d4 Bg7 3.Nc3 c6 4.Bc4 d6 5.Qf3 e6 6.Nge2 Nd7 7.a4 Qe7 8.h4 e5 9.d5 Ngf6
10.a5 a6 11.Ng3 b5 12.dxc6 bxc4 13.cxd7+ Bxd7 14.Bg5 Be6 15.h5 h6 16.Bxf6 Bxf6
17.hxg6 fxg6 18.Nf1 O-O 19.Qe2 Bh4 20.g3 Bg5 21.Ne3 h5 22.Ncd5 Qb7 23.Nxc4 Bg4
24.Qd3 Rf3 25.Nde3 Bxe3 26.Nxe3 Raf8 27.Qc4+ Kg7 28.Nxg4 Qxb2 29.O-O hxg4
30.Rab1 Qa3 31.Rb7+ Kh6 32.Kg2 Qxa5  0-1

[Event "IND-ch"]
[Site "Kasaragod"]
[Date "1996.??.??"]
[Round "7"]
[White "Prasad, Devaki V"]
[Black "Parameswaran, Tiruchi N"]
[Result "1/2-1/2"]
[WhiteElo "2445"]
[BlackElo "2390"]

1.e4 g6 2.d4 Bg7 3.Nc3 c6 4.Nf3 d6 5.Be2 Bg4 6.h3 Bxf3 7.Bxf3 Qb6 8.Ne2 Nd7
9.c3 Ngf6 10.O-O O-O 11.Rb1 e5 12.g3  1/2-1/2

[Event "Krasnodar op"]
[Site "Krasnodar"]
[Date "1996.??.??"]
[Round "8"]
[White "Daniliuk, Sergey"]
[Black "Mihajlovskij, Sergei"]
[Result "1/2-1/2"]
[WhiteElo "2400"]
[BlackElo "2310"]

1.e4 g6 2.d4 Bg7 3.Nc3 c6 4.f4 d5 5.e5 h5 6.Nf3 Nh6 7.Be3 Bg4 8.Be2 Nf5 9.Bf2 Na6
10.g3 h4 11.Nxh4 Bxe2 12.Qxe2 Nxh4 13.gxh4 Nc7 14.Qf3 Qd7 15.O-O-O Qf5 16.Ne2 Ne6
17.Be3 Rxh4 18.Ng3 Qh3 19.f5 gxf5 20.Qxf5 Qxf5 21.Nxf5 Rh5 22.Rdf1 Kd7 23.Ng3 Rh3
24.Rxf7 Rah8 25.Rf3 Rxh2 26.Rxh2 Rxh2 27.Nf5 b6 28.c3 Bf8  1/2-1/2

[Event "Kuala Lumpur schev"]
[Site "Kuala Lumpur"]
[Date "1996.??.??"]
[Round "8"]
[White "Mithrakanth, Poorna Sharma"]
[Black "Mok Tze Meng"]
[Result "1-0"]
[WhiteElo "2360"]
[BlackElo "2240"]

1.e4 g6 2.d4 Bg7 3.Nc3 c6 4.Nf3 d5 5.h3 Nf6 6.e5 Ne4 7.Bd3 Nxc3 8.bxc3 c5
9.dxc5 Nc6 10.Bf4 O-O 11.O-O Qa5 12.Qd2 Rd8 13.Rfe1 Qxc5 14.Rab1 e6 15.Bh6 b6
16.Bxg7 Kxg7 17.Qf4 Qe7 18.Nh2 h5 19.Re3 d4 20.Rg3 dxc3 21.Nf3 Bd7 22.Rg5 Rh8
23.h4 Rac8 24.g4 hxg4 25.Qxg4 Rh6 26.h5 Rch8 27.hxg6 f6 28.exf6+ Qxf6 29.Kg2 Bc8
30.Re1 e5 31.Qc4 Bh3+ 32.Kg3 Be6 33.Qxc6 Qf4+ 34.Kg2 Rh2+ 35.Kf1 Bg4 36.Qb7+ Kh6
37.Rxg4 Qxg4 38.Nxh2  1-0

[Event "Las Palmas op"]
[Site "Las Palmas"]
[Date "1996.??.??"]
[Round "3"]
[White "Rohl, Juan"]
[Black "Ivanov, Mikhail M"]
[Result "1/2-1/2"]
[WhiteElo "2395"]
[BlackElo "2465"]

1.e4 g6 2.d4 Bg7 3.Nc3 c6 4.Bc4 d6 5.Qf3 e6 6.Nge2 Nd7 7.Bb3 Ngf6 8.Ng3 e5
9.dxe5 dxe5 10.Be3 Qe7 11.h3 O-O 12.O-O Nc5 13.Bxc5 Qxc5 14.Rfd1 Qe7 15.Rd3 Nd7
16.Rad1 Nc5 17.Rd6 Ne6 18.Bxe6 Bxe6 19.Qe3 Qc7 20.Qc5 Rfc8 21.R6d3 Bf8 22.Qe3 b6
23.Nce2 Rd8 24.b3 Rxd3 25.Rxd3 Rd8 26.Nc1 Be7 27.Nge2 f6 28.Rxd8+ Qxd8 29.Nd3 Qd6
30.f4 exf4 31.Nexf4 Bf7 32.Kh1 Qa3 33.e5 Qxa2 34.Qd4 fxe5 35.Qxe5 Bf8 36.Ne6 Qxc2
37.Nxf8 Qxd3 38.Ne6 Qf1+ 39.Kh2 Bxe6 40.Qxe6+ Qf7 41.Qxc6 Qe7 42.b4 Qe5+
43.Kh1 a5 44.Qc8+ Kg7 45.Qd7+ Kh6 46.bxa5 bxa5 47.Qd2+ Kh5 48.Qd1+ Kg5 49.Qd2+ Kh4
50.Qf2+ Kh5 51.Qf7 Kh6 52.Qf8+ Kg5 53.Qd8+ Kh6 54.Qf8+ Kh5 55.Qf7 h6 56.Qd7 Qe1+
57.Kh2  1/2-1/2

[Event "VfB op 3rd"]
[Site "Leipzig"]
[Date "1996.??.??"]
[Round "1"]
[White "Bartolomaeus, Christian"]
[Black "Neumann, Norbert"]
[Result "1-0"]
[WhiteElo "2200"]
[BlackElo "2145"]

1.e4 g6 2.d4 Bg7 3.Nc3 c6 4.f4 d5 5.e5 Nh6 6.Be2 f6 7.Nf3 Bg4 8.O-O O-O 9.Nh4 Bxe2
10.Qxe2 fxe5 11.fxe5 e6 12.Nf3 Nd7 13.Bg5 Qe8 14.Qd2 Nf7 15.Bf4 a6 16.Ne2 c5
17.c3 Nd8 18.Bh6 Nc6 19.Rf2 cxd4 20.cxd4 Qe7 21.Bg5 Qb4 22.Qxb4 Nxb4 23.Be7 Nd3
24.Bxf8 Bxf8 25.Rff1 Bh6 26.g3 Rc8 27.Ne1 Nb4 28.Nf4 Nc2 29.Rc1  1-0

[Event "Wch U26"]
[Site "Leon"]
[Date "1996.??.??"]
[Round "2"]
[White "Masserey, Yvan"]
[Black "Telljohann, Sven"]
[Result "0-1"]
[WhiteElo "2305"]
[BlackElo "2420"]

1.e4 g6 2.d4 Bg7 3.Nc3 c6 4.f4 d5 5.e5 h5 6.Nf3 Bg4 7.Be3 Nh6 8.h3 Nf5 9.Bf2 Bxf3
10.Qxf3 h4 11.Bd3 e6 12.Ne2 Bf8 13.O-O Nd7 14.b3 Be7 15.c4 Nb6 16.c5 Nd7
17.b4 b6 18.Rfc1 Kf8 19.a4 bxc5 20.dxc5 a6 21.Rab1 Kg7 22.Kh2 Qc7 23.Ng1 f6
24.Bxf5 gxf5 25.Bxh4 Kf7 26.Bg3 Rag8 27.exf6 Nxf6 28.Be1 Ne4 29.g3 a5 30.bxa5 Bxc5
31.Ne2 Rb8 32.Rxb8 Qxb8 33.Bc3 Rh6 34.Nd4 Qb7 35.Ba1 Qa8 36.Nb3 Bf2 37.g4 Bg3+
38.Kg2 fxg4 39.Qxg4 Rg6 40.Qh5 Bxf4+ 41.Kh1 Qg8  0-1

[Event "Wch U26"]
[Site "Leon"]
[Date "1996.??.??"]
[Round "3"]
[White "Forster, Richard"]
[Black "Sichinava, Roman"]
[Result "1/2-1/2"]
[WhiteElo "2320"]
[BlackElo "2450"]

1.e4 g6 2.d4 Bg7 3.Nc3 c6 4.Bc4 d6 5.f3 e6 6.Nge2 Nd7 7.O-O Qe7 8.Bb3 a5
9.Bg5 Ngf6 10.Qd2 h6 11.Bh4 O-O 12.Qe3 g5 13.Bg3 Nh5 14.a4 e5 15.dxe5 dxe5
16.Rad1 Nxg3 17.Nxg3 Qc5 18.Qxc5 Nxc5 19.Bc4 Re8 20.Nf5 Bf8 21.Rd2 Ne6 22.Ne2 Bc5+
23.Kh1 Kh7 24.Rfd1 Kg6 25.Nd6 Bxd6 26.Rxd6 h5 27.Ng3 h4 28.Nf5 f6 29.Bxe6 Bxe6
30.Rxe6 Rxe6 31.Rd7 Rg8 32.Rxb7 c5 33.Kg1 g4 34.Kf2 Kg5 35.Rh7 g3+ 36.hxg3 hxg3+
37.Kxg3 Rb6 38.Rh4 Rgb8 39.Rg4+ Kh5 40.Kh3 R6b7 41.Kh2 c4 42.Kg1 Rd8 43.Kf1 Rbd7
44.Kg1 Rd1+ 45.Kh2 Re1 46.Rg7 Rd2 47.Rh7+ Kg6 48.Rg7+ Kh5 49.b4 axb4 50.Ng3+ Kh6
51.Nf5+ Kh5  1/2-1/2

[Event "Anibal op 3rd"]
[Site "Linares"]
[Date "1996.??.??"]
[Round "?"]
[White "Konguveel, Ponnuswamy"]
[Black "Mohr, Georg"]
[Result "1-0"]
[WhiteElo "2395"]
[BlackElo "2495"]

1.e4 g6 2.d4 Bg7 3.Nc3 c6 4.Bc4 d6 5.Qf3 e6 6.Nge2 Nd7 7.Bf4 Qe7 8.Bb3 e5
9.dxe5 dxe5 10.Bg5 Ngf6 11.O-O-O h6 12.Be3 Nc5 13.h3 b6 14.Kb1 Nfd7 15.Nc1 Nxb3
16.axb3 a5 17.Rd2 O-O 18.Rhd1 Qd8 19.Na4 Qc7 20.Rxd7 Bxd7 21.Bxb6 Qb7 22.Nc5 Qxb6
23.Nxd7 Qa7 24.Nxf8 Bxf8 25.Qf6 a4 26.Qxc6 axb3 27.Nxb3 h5 28.Rd7 Qa2+ 29.Kc1 Bh6+
30.Kd1 Rf8 31.Qc3 Qb1+ 32.Ke2 Qh1 33.Kf3 Qh2 34.Qc4 g5 35.Rd3 Kh8 36.Qc6 Bg7
37.Nd2 f5 38.exf5 Rxf5+ 39.Ke2 e4 40.Rd8+ Kh7 41.Qxe4  1-0

[Event "SWE-chJ"]
[Site "Linkoping"]
[Date "1996.??.??"]
[Round "?"]
[White "Landgren, Andreas"]
[Black "Sunehag, Peter"]
[Result "0-1"]
[WhiteElo "2075"]
[BlackElo "2115"]

1.d4 g6 2.e4 Bg7 3.Nc3 c6 4.Be3 d5 5.e5 Nh6 6.f3 f6 7.exf6 exf6 8.g4 O-O
9.Qd2 Re8 10.O-O-O Nf7 11.Kb1 Nd7 12.h4 b5 13.g5 f5 14.h5 a5 15.hxg6 hxg6
16.Nh3 Nf8 17.Qf2 a4 18.Bc1 Nd6 19.Nf4 b4 20.Nce2 b3 21.cxb3 axb3 22.a3 Nb5
23.Nd3 f4 24.Bh3 Rxa3 25.Ne5 Ra1+  0-1

[Event "Lippstadt"]
[Site "Lippstadt"]
[Date "1996.??.??"]
[Round "4"]
[White "Pedzich, Dominik"]
[Black "Matthias, Heiner"]
[Result "1/2-1/2"]
[WhiteElo "2445"]
[BlackElo "2375"]

1.e4 g6 2.d4 Bg7 3.Nc3 c6 4.f4 d5 5.e5 h5 6.Nf3 Bg4 7.Be2 Nh6 8.Be3 e6 9.Qd2 Nd7
10.Bf2 Bf8 11.O-O Nf5 12.Ng5 Bxe2 13.Nxe2 Be7 14.Nf3 Qb6 15.b3 Qa6 16.Rfc1 Ba3
17.Rcb1 Be7 18.a4 b6 19.Rc1 c5 20.c4 dxc4 21.Rxc4 O-O 22.d5 exd5 23.Qxd5 b5
24.Rcc1 bxa4 25.Nc3 Rad8 26.Rxa4 Qc8 27.Rxa7 Nb6 28.Qe4 Qe6 29.Qb1 Nd5 30.Nxd5 Rxd5
31.Qc2 Rb8 32.Raa1 Rd7 33.Qc4 Rd5 34.Qc2 h4 35.Ra4 h3 36.Rc4 hxg2 37.Kxg2 Kg7
38.Kh1 Rh8 39.Qe4 Rh3 40.Rg1 Rd8 41.Rc3 Rdh8 42.Rg2 Qa6 43.Rc1 Qa3 44.Rb1 Qa8
45.Qxa8 Rxa8 46.Nd2 Rb8 47.Rc1 Rb4 48.Bxc5 Bxc5 49.Rxc5 Rxf4 50.Rc4  1/2-1/2

[Event "Litomysl op"]
[Site "Litomysl"]
[Date "1996.??.??"]
[Round "7"]
[White "Hlavac, Rudolf"]
[Black "Safranska, Anda"]
[Result "0-1"]
[WhiteElo "2120"]
[BlackElo "2270"]

1.e4 g6 2.d4 Bg7 3.Nc3 c6 4.Nf3 d5 5.h3 Nh6 6.Bd3 O-O 7.O-O f6 8.Qe2 Nf7
9.Re1 e6 10.exd5 cxd5 11.Bf4 Nc6 12.Bb5 Bd7 13.Na4 e5 14.Be3 e4 15.Nh2 f5
16.Bxc6 bxc6 17.f3 Nd6 18.f4 g5 19.c3 Nc4 20.Nc5 Bc8 21.b3 Nxe3 22.Qxe3 gxf4
23.Qxf4 Qf6 24.Rf1 Kh8 25.Rae1 a5 26.Re2 Ra7 27.Qb8 Re7 28.Ng4 Qg5 29.Qd6 fxg4
30.Rxf8+ Bxf8 31.Qd8 Qc1+ 32.Kh2 g3+ 33.Kxg3 Rg7+ 34.Kh2 Qf4+ 35.Kg1 Rf7
36.Qxc8 Qf1+ 37.Kh2 Qxe2 38.Ne6 Qf2  0-1

[Event "RL-chB"]
[Site "Ludwigshafen"]
[Date "1996.??.??"]
[Round "?"]
[White "Rondio, T."]
[Black "Senk, Christian"]
[Result "0-1"]
[WhiteElo "1665"]
[BlackElo "1985"]

1.e4 g6 2.d4 Bg7 3.Nc3 c6 4.f4 d5 5.e5 h5 6.Nf3 Bg4 7.Be2 e6 8.Be3 Nh6 9.Qd2 Nf5
10.O-O-O Nd7 11.h3 Bxf3 12.Bxf3 h4 13.Bf2 b5 14.Kb1 Nb6 15.b3 Bf8 16.Kb2 Rb8
17.Be2 Nd7 18.Ra1 Qa5 19.a3 Qb6 20.Bd3 Nxd4 21.Bxg6 fxg6 22.Bxd4 c5 23.Bf2 Bg7
24.a4 b4 25.Nb5 a6 26.Nd6+ Qxd6  0-1

[Event "Mar del Plata op"]
[Site "Mar del Plata"]
[Date "1996.??.??"]
[Round "2"]
[White "Panelo, Marcelo"]
[Black "Tempone, Marcelo"]
[Result "1/2-1/2"]
[WhiteElo "2220"]
[BlackElo "2460"]

1.e4 g6 2.d4 Bg7 3.Nc3 c6 4.Bd3 Bxd4 5.Nf3 Bg7 6.e5 d5 7.h3 Nd7 8.Bf4 Nc5
9.O-O Nxd3 10.cxd3 h6 11.Qd2 e6 12.Rfe1 Ne7 13.b4 Kf8 14.a4 a5 15.b5 c5 16.Rac1 b6
17.d4 Bb7 18.Be3 Rc8 19.Ne2 c4 20.g4 Kg8 21.Ng3 Kh7 22.Qc2 Qd7 23.Nh5 Ng8
24.g5 Qc7 25.Bf4 Ne7 26.gxh6 Bxh6 27.Bxh6 Kxh6 28.Kh2 gxh5 29.Qd2+ Kg7 30.Qg5+ Ng6
31.Qf6+ Kf8 32.Nh4 Rg8 33.Rg1 Ke8 34.Nxg6 fxg6 35.Qxe6+ Kf8 36.Rxg6 Rxg6
37.Qxg6 Qf7 38.Qh6+ Qg7 39.Qd6+ Qe7 40.Qh6+ Qg7 41.Qd6+ Qe7 42.Qh6+ Qg7 43.Qd6+  1/2-1/2

[Event "SVK-ch"]
[Site "Martin"]
[Date "1996.??.??"]
[Round "3"]
[White "Chernyshov, Konstantin"]
[Black "Karlik, Vladimir"]
[Result "1/2-1/2"]
[WhiteElo "2470"]
[BlackElo "2275"]

1.e4 g6 2.d4 Bg7 3.Nc3 c6 4.Be3 d5 5.Qd2 Nf6 6.e5 Ng4 7.Bf4 f6 8.exf6 Nxf6
9.Bh6 O-O 10.Bxg7 Kxg7 11.Nf3 Bg4 12.Ne5 Nbd7 13.f3 Be6 14.O-O-O Qc7 15.Re1 Bg8
16.Bd3 Nxe5 17.Rxe5 Rae8 18.Rhe1 e6 19.g3 Qa5 20.f4 c5 21.Bf1 c4 22.Bxc4 Nd7
23.Qe2 Rc8 24.Bb3 Nxe5 25.Qxe5+ Rf6 26.h4 Qc7 27.Qe2 h5 28.Nb1 Bf7 29.Nd2 Rb8
30.Nf3 b5 31.Kb1 a5 32.c3 a4 33.Bc2 a3 34.Qe5 Rc8 35.Re3 axb2 36.Kxb2 Qa5
37.Bb3 b4 38.Ng5 bxc3+ 39.Kc2 Qa3 40.Rxc3 Rxc3+ 41.Kxc3 Qc1+ 42.Kb4 Qd2+
43.Kb5 Qc3 44.Kb6 Qb4+ 45.Kc7  1/2-1/2

[Event "SVK-ch"]
[Site "Martin"]
[Date "1996.??.??"]
[Round "9"]
[White "Petrik, Tomas"]
[Black "Karlik, Vladimir"]
[Result "0-1"]
[WhiteElo "2180"]
[BlackElo "2275"]

1.e4 g6 2.d4 Bg7 3.Nc3 c6 4.f4 d5 5.e5 Nh6 6.Nf3 Bg4 7.h3 Bxf3 8.Qxf3 f6
9.exf6 exf6 10.Be3 Nd7 11.O-O-O Qc7 12.g4 f5 13.Bd3 Rf8 14.Ne2 O-O-O 15.Ng3 Qd6
16.gxf5 Nxf5 17.Nxf5 gxf5 18.Qh5 Qh6 19.Qxh6 Bxh6 20.Bd2 Nb6 21.b3 Kd7 22.Rde1 Nc8
23.Rhf1 Bg7 24.Bb4 Rf7 25.c3 Nd6 26.Bxd6 Kxd6 27.Kd2 Rdf8 28.Ke3 c5 29.dxc5+ Kxc5
30.c4 dxc4 31.Bxc4 Rd7 32.Kf3 b5 33.Be6 Rd3+ 34.Kg2 Bd4 35.Rc1+ Kd6 36.Rcd1 Rxd1
37.Rxd1 Kxe6 38.Rxd4 Rc8 39.Rd2 Rc3 40.Re2+ Kd6 41.Re5 Rc5 42.Re2 b4 43.Kg3 Kd5
44.Kh4 Kd4 45.Kg5 Ra5 46.Rc2 Ke3 47.Rc4 Rb5 48.h4 Kf3 49.Rc6 Ra5 50.Rh6 Rxa2
51.Rxh7 Rg2+ 52.Kxf5 Rg4 53.h5 Rxf4+ 54.Ke5 Rh4 55.Kd5 Ke3 56.Rxa7 Kd3 57.Rc7 Rxh5+
58.Kc6 Kc3 59.Rg7 Kxb3 60.Rg3+ Ka2  0-1

[Event "Wch U20"]
[Site "Medellin"]
[Date "1996.??.??"]
[Round "6"]
[White "Hernandez, Alexander"]
[Black "Wu Wenjin"]
[Result "1/2-1/2"]
[WhiteElo "2265"]
[BlackElo "2230"]

1.e4 g6 2.d4 c6 3.Nc3 Bg7 4.Bc4 b5 5.Bb3 b4 6.Nce2 a5 7.c3 Ba6 8.Nf3 Nf6
9.e5 Nd5 10.c4 Nb6 11.c5 Nd5 12.O-O O-O 13.Re1 Bxe2 14.Qxe2 Na6 15.h4 Nac7
16.h5 Ne6 17.h6 Bh8 18.Qe4 Nec7 19.a4 f6 20.exf6 Bxf6 21.Bf4 e6 22.Bd6 Rf7
23.Rad1 Rc8 24.Rd3 Ne8 25.Bg3 Qe7 26.Be5 Qf8 27.Bxd5 exd5 28.Qe3 Bd8 29.Rd2 Rf5
30.Rde2 Ra8 31.b3 Rf7 32.Nh2 d6 33.cxd6 Bb6 34.Ng4 Nxd6 35.Bg7 Nf5 36.Qe6 Nxg7
37.hxg7 Kxg7 38.Qxc6 Bxd4 39.Qxd5 Bc3 40.Rf1 Raa7 41.Re6 Rfd7 42.Qg5 Kh8
43.Ne5 Re7 44.Rxe7 Rxe7 45.Nc6 Re6 46.Rd1 Bf6 47.Qd5 Qe8 48.Nxa5 Re1+ 49.Rxe1 Qxe1+
50.Kh2 Be5+ 51.g3 Qxf2+ 52.Qg2 Bxg3+ 53.Kh3 Qf5+ 54.Kxg3 Qxa5 55.Qf3 Qc7+
56.Kf2 Kg7 57.Ke2 h5 58.Qe4 Qc5 59.Qe6 h4 60.Kf3 Qc3+ 61.Kg2 Qg3+ 62.Kh1 Qf3+
63.Kh2 Qf4+ 64.Kh1 Kh6 65.Qd5 g5 66.Qe6+ Kh5 67.Qe2+ g4 68.Qe8+ Kh6 69.Qh8+ Kg6
70.Qg8+ Kh5 71.Qh7+ Kg5 72.Qg7+ Kh5 73.Qh7+ Kg5 74.Qg7+  1/2-1/2

[Event "Wch U20"]
[Site "Medellin"]
[Date "1996.??.??"]
[Round "7"]
[White "Gyimesi, Zoltan"]
[Black "Kulaots, Kaido"]
[Result "1/2-1/2"]
[WhiteElo "2480"]
[BlackElo "2405"]

1.d4 g6 2.e4 Bg7 3.Nc3 c6 4.Bc4 d6 5.Qf3 e6 6.Nge2 Nd7 7.Bf4 Qe7 8.Bb3 Ngf6
9.O-O-O O-O 10.h3 a5 11.d5 cxd5 12.exd5 e5 13.Bg5 Nc5 14.Na4  1/2-1/2

[Event "Wch U16"]
[Site "Menorca"]
[Date "1996.??.??"]
[Round "2"]
[White "Acs, Peter"]
[Black "Mihajlovskij, Sergei"]
[Result "1-0"]
[WhiteElo "2410"]
[BlackElo "2245"]

1.e4 g6 2.d4 Bg7 3.Nc3 c6 4.f4 d5 5.e5 h5 6.Be3 Nh6 7.h3 a5 8.Nf3 Na6 9.g3 Nc7
10.Qd2 b6 11.Be2 Ne6 12.O-O-O Nf5 13.Bf2 Bh6 14.Bd3 Ba6 15.Bxa6 Rxa6 16.Ne2 Bf8
17.g4 Nfg7 18.Qd3 Nc7 19.f5 gxf5 20.gxf5 e6 21.Bh4 Qc8 22.Bf6 Kd7 23.Ng5 Qe8
24.Nf4 Ra7 25.Rhg1 Kc8 26.h4 Kb8 27.Ngh3 Rg8 28.fxe6  1-0

[Event "Metz op"]
[Site "Metz"]
[Date "1996.??.??"]
[Round "?"]
[White "Olivier, Jean Christophe"]
[Black "Finkel, Alexander"]
[Result "0-1"]
[WhiteElo "2280"]
[BlackElo "2500"]

1.e4 g6 2.d4 Bg7 3.Nc3 c6 4.f4 d5 5.e5 Nh6 6.Nf3 Bg4 7.Be2 f6 8.h3 Bxf3 9.Bxf3 Nf5
10.Ne2 Qb6 11.g3 O-O 12.Rf1 fxe5 13.fxe5 Nd7 14.Bg4 e6 15.c3 Rae8 16.b3 c5
17.Bf4 Nb8 18.Bd2 Nc6 19.Bxf5 Rxf5 20.Be3 cxd4 21.cxd4 Bf8 22.Qd3 Bb4+ 23.Bd2 Rxf1+
24.Kxf1 Rf8+ 25.Kg2 Nxe5 26.Qe3 Bxd2 27.Qxd2 Nc6 28.Rf1 Qd8 29.Rxf8+ Qxf8
30.Qe3 Qf6 31.h4 Kf7 32.Kg1 e5 33.dxe5 Qxe5 34.Qf3+ Kg7 35.Nf4 Ne7 36.a4 a5
37.Kg2 Nf5 38.Kh3 Ne3 39.Kh2 h5 40.Nd3 Qd4 41.Nf4 Ng4+ 42.Kh3 Qe4 43.Qc3+ Kh7
44.Qc7+ Kh6 45.Qc1 Ne3 46.Kh2 d4 47.Kg1 Qf3 48.Kh2 d3 49.Kh3 d2 50.Qxd2 Qf1+  0-1